书目信息 |
| 题名: |
罗曼诺夫王朝衰亡史
|
|
| 作者: | 赵恺 著 | |
| 分册: | ||
| 出版信息: | 长春 吉林文史出版社 2018.01 |
|
| 页数: | 297页 | |
| 开本: | 23cm | |
| 丛书名: | 指文战争事典特辑 | |
| 单 册: | ||
| 中图分类: | K512.06 | |
| 科图分类: | ||
| 主题词: | 罗曼诺夫王朝 (1613-1917)--luo man nuo fu wang chao (1613-1917)--史料 | |
| 电子资源: | ||
| ISBN: | 978-7-5472-4467-8 | |
| 000 | 00979nam 2200289 450 | |
| 001 | CAL 0120182437306 | |
| 005 | 20181203155902.70 | |
| 010 | @a978-7-5472-4467-8@b@dCNY79.80 | |
| 100 | @a20180330d2018 em y0chiy50 ea | |
| 101 | 0 | @achi |
| 102 | @aCN@b220000 | |
| 105 | @aab a 000yy | |
| 106 | @ar | |
| 200 | 1 | @a罗曼诺夫王朝衰亡史@Aluo man nuo fu wang chao shuai wang shi@f赵恺著@g |
| 205 | @a第2版@b修订版 | |
| 210 | @a长春@c吉林文史出版社@d2018.01 | |
| 215 | @a297页@c图, 地图@d23cm | |
| 225 | 2 | @a指文战争事典特辑@Azhi wen zhan zheng shi dian te ji@v039 |
| 320 | @a有书目 (第297页) | |
| 330 | @a本书内容包括: 沙皇、权臣、日俄战争、1905年革命、内外交困、火药桶、败局、末路。 | |
| 410 | 0 | @12001 @a指文战争事典特辑@v039 |
| 606 | 0 | @a罗曼诺夫王朝 (1613-1917)@Aluo man nuo fu wang chao (1613-1917)@x史料 |
| 690 | @aK512.06@v5 | |
| 701 | 0 | @a赵恺@Azhao kai@4著 |
| 801 | 0 | @aCN@b人天书店@c20180330@g |
| 905 | @aBZT@dK512.06@e1=2 | |
| 906 | @dCNY79.80@n3@r1 | |
| 罗曼诺夫王朝衰亡史/赵恺著.-第2版,修订版.-长春:吉林文史出版社,2018.01 |
| 297页:图, 地图;23cm.-(指文战争事典特辑;039) |
| ISBN 978-7-5472-4467-8:CNY79.80 |
| 本书内容包括: 沙皇、权臣、日俄战争、1905年革命、内外交困、火药桶、败局、末路。 |
| ● |
| 相关链接 |
|
|
|
正题名:罗曼诺夫王朝衰亡史
索取号:K512.06/1=2
 
预约/预借
| 序号 | 登录号 | 条形码 | 馆藏地/架位号 | 状态 | 备注 |
| 1 | 850898 | 2000850898 | 第二书库/ [索取号:K512.06/1=2] | 在馆 | |
| 2 | 850899 | 2000850899 | 第二书库/ [索取号:K512.06/1=2] | 在馆 | |
| 3 | 850900 | 2000850900 | 第二书库/ [索取号:K512.06/1=2] | 在馆 |